000 00563nam a2200193Ia 4500
999 _c8079
_d8079
003 OSt
005 20200125143033.0
008 190216s9999||||xx |||||||||||||| ||und||
020 _a9788126134380
040 _coclc
082 _a332.1023
_bSEN/B
100 _a Sengar, Shailendra
_91564
245 0 _aBanking Insurance And Financial Services /
_cShailendra Sengar
250 _a1st ed.
260 _bAnmol Publications,
_c2008.
_aNew Delhi:
300 _a264p
650 _aBanking
942 _cBK
_2ddc
_h332.1023
_iSEN/B
_k332.1023
_mSEN/B